L'amore che salva: educati alla vita buona del Vangelo dal mistero della sofferenza

Saved in:  
Bibliographic Details
Contributors: Arice, Carmine (Editor)
Format: Print Book
Language:Italian
Subito Delivery Service: Order now.
Check availability: HBZ Gateway
Book acquisition:
Drawer...
Interlibrary Loan:Interlibrary Loan for the Fachinformationsdienste (Specialized Information Services in Germany)
Published: Bologna EDB Edizioni Dehoniane Bologna [2015]
In:Year: 2015
Series/Journal:Collana fede e annuncio 79
IxTheo Classification:FA Theology
Further subjects:B Conference program

MARC

LEADER 00000cam a22000002c 4500
001 830260749
003 DE-627
005 20251224195929.0
007 tu
008 170427s2015 it ||||| 00| ||ita c
020 |a 9788810203781  |c  : 9.00 EUR  |9 978-88-10-20378-1 
035 |a (DE-627)830260749 
035 |a (DE-576)487048318 
035 |a (DE-599)GBV830260749 
035 |a (ZDB-21-EIL)3026729 
040 |a DE-627  |b ger  |c DE-627  |e rakwb 
041 |a ita 
044 |c XA-IT 
050 0 |a BT 
082 0 |a 230 
192 |a 1 
245 0 2 |a L'amore che salva  |b educati alla vita buona del Vangelo dal mistero della sofferenza  |c a cura di Carmine Arice 
264 1 |a Bologna  |b EDB Edizioni Dehoniane Bologna  |c [2015] 
300 |a 103 pages  |c 22 cm 
336 |a Text  |b txt  |2 rdacontent 
337 |a ohne Hilfsmittel zu benutzen  |b n  |2 rdamedia 
338 |a Band  |b nc  |2 rdacarrier 
490 0 |a Collana fede e annuncio  |v 79 
500 |a Selected papers presented at three meetings held in 2014. - Includes bibliographical references 
500 |a Includes bibliographical references 
652 |a FA 
655 7 |a Konferenzschrift  |0 (DE-588)1071861417  |0 (DE-627)826484824  |0 (DE-576)433375485  |2 gnd-content 
700 1 |a Arice, Carmine  |e Hrsg.  |4 edt 
935 |a mteo 
951 |a BO 
ACO |a 1 
ELC |b 1 
LOK |0 000 xxxxxcx a22 zn 4500 
LOK |0 001 3259320164 
LOK |0 003 DE-627 
LOK |0 004 830260749 
LOK |0 005 20191004112600 
LOK |0 008 170321||||||||||||||||ger||||||| 
LOK |0 040   |a DE-Tue135  |c DE-627  |d DE-Tue135 
LOK |0 092   |o n 
LOK |0 852   |a DE-Tue135 
LOK |0 852 1  |9 00 
LOK |0 866   |x 6700 maschinelles Mapping DDC 230 [230 in Mappingtabelle] >> IxTheo-Klassifikation !1442044020! 
LOK |0 935   |a ixbt 
LOK |0 936ln  |0 1442044020  |a FA 
LOK |0 939   |a 21-03-17  |b l01 
ORI |a SA-MARC-ixtheoa001.raw